000 00504nam a2200181Ia 4500
008 090123s9999 xx 000 0 und d
082 _b32212
100 _aपाध्ये भाऊ
245 _aदावेदार
250 _a1
260 _bशब्दालय प्रकाशन
_c1996
300 _a135
600 _aपाध्ये भाऊ
630 _aदावेदार
700 _aपाध्ये भाऊ
730 _aदावेदार
942 _cBOOK
999 _c70272
_d70272